Culture Générale - Série 234 - Statistiques

Statistiques générales
  • Ce quiz a été pris 362 fois
  • Le résultat moyen est 7 sur 10
Statistiques - réponses
Question Réponse % Correct
Combien un parallélépipède comporte-t-il de faces ? 6
93%
Au restaurant, que vous sert-on si vous avez demandé du flétan ? Du poisson
89%
Quels objets sont indispensables pour jouer à la crapette ? Des cartes
83%
De quel pays le Nikkei est-il le principal indice boursier ? Le Japon
79%
Qui est le dieu grec de la Beauté, de la Raison, des Arts et de la Musique ? Apollon
72%
Quelle ville est le chef-lieu du département de la Sarthe ? Le Mans
71%
Quel titre de noblesse est associé au nom de Münchhausen au cinéma ? Baron
69%
Dans quelle pièce Michel Serrault apprend-il à tartiner des biscottes? La Cage aux folles
56%
Quel artisanat consiste à tresser des objets en rotin ou en osier ? La vannerie
35%
Dans quelle chanson Léo Ferré parle-t-il d'une "fille qui tangue"...? C'est extra
22%
Aucun quiz correspondant
Distribution des résultats
% des personnes avec chaque résultat
Percentile par nombre de réponses
Votre historique - résultats
Vous n’avez pas pris ce quiz